000 00500nam a22001817a 4500
003 NUST
005 20260217150630.0
008 260217b ||||| |||| 00| 0 eng d
020 _a978-0672323089
082 _a005.133
_bROB
100 _a Robert Lafore, Waite Group.
_9133307
245 _aObject Oriented Programming in C++ /
_c Robert Lafore, Waite Group.
250 _a4th Edition
260 _aUSA:
_bSAMS,
_c2001.
300 _a1012 p ;
_c32.1 cm.
563 _aHardcover
942 _2ddc
_cBK
999 _c616282
_d616282